Jesús y Yahvé : los nombres divinos /

Se abordan las concepciones de Dios de parte de los judíos y de los cristianos a partir de la Biblia y otros documentos relacionados. El autor examina el carácter de Jesús y observa las incoherencias, las contradicciones y los puntos en los que falla la lógica de los Evangelios. Además examina el ca...

Descripció completa

Guardat en:
Dades bibliogràfiques
Autor principal: Bloom, Harold (autor)
Format: Llibre
Idioma:espanyol
Publicat: México : Taurus, 2006, c2006
Col·lecció:(Pensamiento Taurus)
Matèries:
Etiquetes: Afegir etiqueta
Sense etiquetes, Sigues el primer a etiquetar aquest registre!

MARC

LEADER 00000nam^a2200000^a^4500
001 000188510
005 20250521000000.0
009 20260310102338.598
020 |a 970-770-421-7 
037 |a Acervo ITESO - Biblioteca 
041 |a ESP 
082 |a 291. 211  |b BLO 
100 |a Bloom, Harold  |e (autor) 
245 1 0 |a Jesús y Yahvé :  |b los nombres divinos /  |c H. Bloom ; tr. por Damián Alou. 
264 4 |a México :  |b Taurus,  |c 2006, c2006 
300 |a 242 p. 
336 |a texto  |b txt  |2 rdacontenido 
337 |a sin mediación  |b n  |2 rdamedio 
338 |a volumen  |b nc  |2 rdasoporte 
440 1 |a (Pensamiento Taurus) 
500 |a Traducción de: Jesus and Yahweh. The Names Divine 
520 |a Se abordan las concepciones de Dios de parte de los judíos y de los cristianos a partir de la Biblia y otros documentos relacionados. El autor examina el carácter de Jesús y observa las incoherencias, las contradicciones y los puntos en los que falla la lógica de los Evangelios. Además examina el carácter de Yahvé que tiene más rasgos en común con el Jesús de Marcos que con el Dios Padre de la tradición cristiana y de la posterior tradición rabínica. Por último argumenta que la Biblia hebrea de los judíos y el Antiguo Testamento cristiano son libros muy diferentes con propósitos muy distintos, tanto religiosos como políticos. 
649 |a XX 
650 |a Jesucristo 
650 |a Dios 
650 |a Biblia -  |x Historia y Crítica 
650 |a Judaísmo 
650 |a Cristianismo 
650 |a Religión Comparada 
910 |a Fondo General 
920 |a Impresos - Libros 
930 |a Colección General 
905 |a 101 
901 |a 0500131166  |b IT1  |c ACC  |u 20250521 
902 |a https://opac.biblio.iteso.mx/vufind/Record/000188510